Kedves születésnapot ünneplők, kedves barátaim

Elmentve itt :
Bibliográfiai részletek
Szerző: CZINE Mihály
Adatforrás:Meister
Forrásdokumentuma:Művelődés. -
1 sz., 1994, 8-10 p.
Nyelv:magyar
Kulcsszavak:művelődéstörténet
sajtótörténet
sajtó
Művelődés
LEADER 00437nab a2200157 i 4500
001 bibPRO00000075
008 060524s1994 xx hun
040 |a Sz1 
041 |a hun 
100 1 |a CZINE Mihály 
245 1 0 |a Kedves születésnapot ünneplők, kedves barátaim  |c CZINE Mihály 
695 |a művelődéstörténet 
695 |a sajtótörténet 
695 |a sajtó 
695 |a Művelődés 
773 0 |t Művelődés. -  |g 1 sz., 1994, 8-10 p.